| 000 | 00579nam a2200181Ia 4500 | ||
|---|---|---|---|
| 999 |
_c16485 _d16485 |
||
| 003 | OSt | ||
| 005 | 20200606115926.0 | ||
| 008 | 190216s9999||||xx |||||||||||||| ||und|| | ||
| 020 | _a8171500803 | ||
| 040 | _cMESKC library | ||
| 082 |
_a891.4393 _bVIK/U |
||
| 245 | 0 |
_aUrdu Kahanikar:Qurrathul-Ain-Haider Aur Unaki Shreshth Kahaniyan / _cEdited by Nand Kishore Vikram |
|
| 260 |
_bIndraprastha Prakashan, _aDelhi _c2006. |
||
| 300 | _a160p | ||
| 650 | _aHindi | ||
| 700 | 1 |
_9153 _aVikram, Nand Kishor |
|
| 942 |
_cBK _2ddc _h891.4393 _iVIK/U _k891.4393 _mVIK/U |
||